Biggest Cities by Decade (1-90) - Statistics

General Stats
  • This quiz has been taken 43 times
  • The average score is 35 of 70
Answer Stats
Year Rank Population Answer % Correct
6, 200,000 Rome
100%
6. 210,000 Rome
100%
6. 230,000 Rome
100%
4. 250,000 Rome
100%
4. 270,000 Rome
100%
4. 290,000 Rome
100%
4. 310,000 Rome
100%
4. 330,000 Rome
100%
4. 350,000 Rome
100%
4. 380,000 Rome
100%
1 1. 400,000 Alexandria
84%
10 1. 410,000 Alexandria
84%
20 1. 440,000 Alexandria
84%
30 1. 460,000 Alexandria
84%
40 1. 490,000 Alexandria
84%
50 1. 510,000 Alexandria
84%
60 1. 530,000 Alexandria
84%
70 1. 540,000 Alexandria
84%
80 1. 550,000 Alexandria
84%
90 1. 550,000 Alexandria
84%
5. 240,000 Chang'an
51%
5. 240,000 Chang'an
51%
5. 240,000 Chang'An
51%
6. 240,000 Chang'an
51%
6. 240,000 Chang'an
51%
6. 240,000 Chang'an
51%
6. 240,000 Chang'an
51%
6. 240,000 Chang'an
51%
6. 240,000 Chang'an
51%
6. 240,000 Chang'an
51%
7. 160,000 Carthage
49%
7. 160,000 Carthage
49%
7. 160,000 Carthage
49%
7. 160,000 Carthage
49%
7. 170,000 Carthage
49%
7. 180,000 Carthage
49%
7. 180,000 Carthage
49%
7. 190,000 Carthage
49%
7. 190,000 Carthage
49%
3. 260,000 Luoyang
30%
3. 290,000 Luoyang
30%
3. 330,000 Luoyang
30%
3. 360,000 Luoyang
30%
3. 370,000 Luoyang
30%
3. 380,000 Luoyang
30%
3. 390,000 Luoyang
30%
2. 400,000 Luoyang
30%
2. 400,000 Luoyang
30%
2. 410,000 Luoyang
30%
4. 250,000 Chengdu
24%
4. 250,000 Chengdu
24%
4. 250,000 Chengdu
24%
5. 250,000 Chengdu
24%
5. 250,000 Chengdu
24%
5. 250,000 Chengdu
24%
5. 250,000 Chengdu
24%
5. 250,000 Chengdu
24%
5. 250,000 Chengdu
24%
5. 250,000 Chengdu
24%
2. 400,000 Seleucia
19%
2. 400,000 Seleucia
19%
2. 400,000 Seleucia
19%
2. 400,000 Seleucia
19%
2. 400,000 Seleucia
19%
2. 400,000 Seleucia
19%
2. 400,000 Seleucia
19%
3. 400,000 Seleucia
19%
3. 400,000 Seleucia
19%
3. 400,000 Seleucia
19%
7. 160,000 Taxila
14%
No matching quizzes found
Score Distribution
Percent of People with Each Score
Percentile by Number Answered
Your Score History
You have not taken this quiz